• 首页
  • 本馆介绍
  • 公告通知
  • 最新文献
  • 馆藏检索
  • 电子资源
  • 读者导购
  • 参考咨询
  • 我的图书馆
  • 登录
  • 详细信息显示
  • 放入我的书架
  • 预约/预借图书
  • 作者相关作品
  • 分类相关作品
  • 丛书相关作品
  • 出版社相关作品

书目信息

  • 表格格式
  • 工作单格式
  • 卡片格式
题名:
图书馆信息技术工作
    
 
作者: 沈迪飞 主编
分册:  
出版信息: 北京   北京图书馆出版社  2000
页数: 294页
开本: 20cm
丛书名:
单 册:
中图分类: G250.7
科图分类:
主题词: 图书馆自动化--职业教育--教材
电子资源:
ISBN: 7-5013-1699-6
000 00910nam0 2200253 45
001 012001032823
005 20051027111233.65
010    @a7-5013-1699-6@dCNY14.50
035    @a(011001)c2001020787
092    @aCN
100    @a20010609d2000 em y0chiy0110 ea
101 0  @achi
102    @aCN@b110000
105    @ay z 000yy
200 1  @a图书馆信息技术工作@9tu shu guan xin xi ji shu gong zuo@f沈迪飞主编@Fshen di fei zhu bian
210    @a北京@c北京图书馆出版社@d2000
215    @a294页@d20cm
300    @a图书馆岗位培训教材
330    @a本书内容包括:图书馆信息技术概述;图书馆现代信息技术基础;图书馆业务工作自动化;图书馆文献信息服务自动化;图书馆办公自动化;网络技术及其在图书馆的应用;数字图书馆;图书馆信息系统的建设和管理。
606 0  @a图书馆自动化@x职业教育@j教材
690    @aG250.7@v4
701  0 @a沈迪飞@Ashen di fei@4主编
801  0 @aCN@bTSSF@c20051027
905    @a10447@dG250.7@e82
    
    图书馆信息技术工作/沈迪飞主编.-北京:北京图书馆出版社,2000
    294页;20cm
    图书馆岗位培训教材
    
    ISBN 7-5013-1699-6:CNY14.50
    本书内容包括:图书馆信息技术概述;图书馆现代信息技术基础;图书馆业务工作自动化;图书馆文献信息服务自动化;图书馆办公自动化;网络技术及其在图书馆的应用;数字图书馆;图书馆信息系统的建设和管理。
●
相关链接 在E读中查询图书 在五车中查询图书 在当当中查询图书 在豆瓣中查询图书


正题名:图书馆信息技术工作     索取号:G250.7/82         预约/预借

序号 登录号 条形码 馆藏地/架位号 状态 备注
1 0336982   203369826   第一样本阅览室/ [索取号:G250.7/82] 在馆    
2 0336983   203369835   第四借阅区/ [索取号:G250.7/82] 在馆    
3 0336984   203369844   第四借阅区/ [索取号:G250.7/82] 在馆    
唐山师范学院图书馆 欢迎您!
大连网信软件有限公司© 版权所有